Computer Security: (Record no. 171538)

MARC details
000 -LEADER
fixed length control field 00606nam a22001817a 4500
005 - DATE AND TIME OF LATEST TRANSACTION
control field 20200115114310.0
010 ## - LCCN (DPL NO)
LC control number ENG-127424
020 ## - INTERNATIONAL STANDARD BOOK NUMBER
International Standard Book Number 9789353438869
Terms of availability 749.00
035 ## - SYSTEM CONTROL NUMBER
System control number EN-110956
037 ## - SOURCE OF ACQUISITION
Source of stock number/acquisition DBAD/PUB
082 ## - DEWEY DECIMAL CLASSIFICATION NUMBER
Classification number 005.8
100 ## - MAIN ENTRY--PERSONAL NAME
Personal name Stallings,William
245 ## - TITLE STATEMENT
Title Computer Security:
Statement of responsibility, etc by William Stallings[and]Lawrie Brown
Remainder of title principals and practice/
260 ## - PUBLICATION, DISTRIBUTION, ETC. (IMPRINT)
Place of publication, distribution, etc NOIDA
Name of publisher, distributor, etc Pearson India Education Services
Date of publication, distribution, etc 2019
270 ## - ADDRESS
Address 15th floor,Tower-B,World Trade Tower,Plot No.1,Block-C,sector 16
City NOIDA
Postal code 201301
300 ## - PHYSICAL DESCRIPTION
Extent 800p.
Dimensions 22cm(pbk)
942 ## - ADDED ENTRY ELEMENTS (KOHA)
Source of classification or shelving scheme Dewey Decimal Classification
Item type English Books
Classification part 005.8
Call number suffix STA
Holdings
Withdrawn status Lost status Not for loan Collection code Home library Current library Date acquired Source of acquisition Cost, normal purchase price Full call number Barcode Copy number Cost, replacement price Koha item type
      Non-fiction Andrews Gunj Andrews Gunj 15/01/2020 DBAD/PUB 749.00 005.8 STA EN-110956 1 749.00 English Books

© Delhi Public Library
Hit Counter
free hit counter